John Jay Chapman : an American mind.

Bibliographic Details
Main Author: Hovey, Richard B. (Richard Bennett), 1917-
Format: Book
Language:English
Published: New York : Columbia University Press, 1959.
Subjects:

MARC

Tag First Indicator Second Indicator Subfields
LEADER 00000cam a2200000 4500
001 in00000031809
005 20151007063125.0
008 720413s1959 nyu b 00000 eng u
010 |a  59011725  
035 |a (OCoLC)00283969 
035 |9 AAD6619AM 
040 |c WSU  |d TXA  |d UtOrBLW 
049 |a TXAM  |c [314460] 
050 0 |a PS1292.C3  |b Z65 
092 |a 814  |b C466Yh 
100 1 |a Hovey, Richard B.  |q (Richard Bennett),  |d 1917- 
245 1 0 |a John Jay Chapman :  |b an American mind. 
264 1 |a New York :  |b Columbia University Press,  |c 1959. 
300 |a 391 pages ;  |c 24 cm. 
336 |a text  |b txt  |2 rdacontent 
337 |a unmediated  |b n  |2 rdamedia 
338 |a volume  |b nc  |2 rdacarrier 
504 |a Includes bibliography. 
600 1 0 |a Chapman, John Jay,  |d 1862-1933. 
999 |a MARS 
999 f f |s 609132dd-b6b9-3872-9d31-c2f10310b09f  |i e340a56a-c765-314a-92ce-9b6801af84c2  |t 0 
952 f f |p normal  |a Texas A&M University  |b College Station  |c Sterling C. Evans Library  |d Evans: Library Stacks  |t 0  |e PS1292.C3 Z65  |h Library of Congress classification  |i unmediated -- volume  |m A14801257631 
998 f f |a PS1292.C3 Z65  |t 0  |l Evans: Library Stacks